000 00504nam a2200193Ia 4500
008 160319s9999 xx 000 0 und d
020 _a9712708993
050 _a920.71
050 _bOc15r 2000
100 _aOcampo, Ambeth R.
245 _aRizal without the overcoat /
245 _cAmbeth R. Ocampo.
250 _aExpanded ed.
260 _bCarlos Palanca Foundation inc.
260 _c2000
300 _a xvi, 254 p. :
300 _billustrations :
650 _aRizal, Jose, -- 1861-1896
999 _c292240
_d292240